| 000 | 00551nam a22001577a 4500 | ||
|---|---|---|---|
| 005 | 20120214134056.0 | ||
| 020 |
_a8120318161 _c325.00 |
||
| 035 | _aB-63236 | ||
| 037 |
_aDPL _bENG |
||
| 100 |
_aDesign, Howie Green _941933 |
||
| 245 |
_aFlash 5 fast and easy web development / _cby Howie Green Design |
||
| 260 |
_aNew Delhi _bPHI _c2001 |
||
| 300 |
_axx, 330p. _c24 cms. |
||
| 942 |
_2ddc _cEN _h005.754 _mDES |
||
| 999 |
_c62742 _d62742 |
||